00508nam a2200157Ia 450000500170000000800410001708200190005810000190007724500100009626000390010630000120014550000770015794200060023495200950024099900150033520250227011854.0240331s9999 xx 000 0 und d bSIN24616a920 aSingaravelu, A 0aKarky aChennaibSandhya Pathippagamc2001 a136 p., aThe autobiography of Marsim Karky, who had an impact on Tamil Literature cL 001040708LaWERCLbWERCLcSSCd2024-03-31l0o 920 SINp4616r2024-03-31w2024-03-31yL c4287d4287